Property market brief (Record no. 78054)

MARC details
000 -LEADER
fixed length control field 00699cab a2200205 4500
001 - CONTROL NUMBER
control field L135870
008 - FIXED-LENGTH DATA ELEMENTS--GENERAL INFORMATION
fixed length control field 061213n2006 000 0 eng u
035 ## - SYSTEM CONTROL NUMBER
System control number (Sirsi) u135870
041 0# - LANGUAGE CODE
Language code of text/sound track or separate title eng
100 1# - MAIN ENTRY--PERSONAL NAME
Personal name Sprekos, Petra
245 00 - TITLE STATEMENT
Title Property market brief
260 ## - PUBLICATION, DISTRIBUTION, ETC.
Date of publication, distribution, etc. 2006
490 #0 - SERIES STATEMENT
Series statement Estate Agent
Volume/sequential designation 70(5) October 2006, 52-56(5)
520 ## - SUMMARY, ETC.
Summary, etc. Provides graphs covering the subjects of: consumer sentiment; interest rates; consumer price index; housing finance; lending finance; building approvals; unemployment; vacancy rates; and auction results up to August 2006.
590 ## - LOCAL NOTE (RLIN)
Local note KA
651 #4 - SUBJECT ADDED ENTRY--GEOGRAPHIC NAME
Geographic name AUSTRALIA
690 ## - LOCAL SUBJECT ADDED ENTRY--TOPICAL TERM (OCLC, RLIN)
Topical term or geographic name as entry element PROPERTY-PROPERTY MARKET
700 1# - ADDED ENTRY--PERSONAL NAME
Personal name Hall, David
942 ## - ADDED ENTRY ELEMENTS (KOHA)
Suppress in OPAC 0
Holdings
Withdrawn status Lost status Source of classification or shelving scheme Damaged status Not for loan Home library Current library Shelving location Date acquired Total Checkouts Full call number Barcode Date last seen Copy number Price effective from Koha item type
    Dewey Decimal Classification     London London Journal article 13/12/2006   L135870 135870-1001 06/08/2019 1 06/08/2019 Journal article